География Грузии - Statistics

General Stats
  • This quiz has been taken 367 times
  • The average score is 10 of 16
Answer Stats
% Correct
Столица Грузии Тбилиси
98%
Армения
92%
Граничащие страны Азербайджан
91%
Россия
90%
Неконтролируемая Грузией республика Абхазия
88%
Турция
87%
Неконтролируемая Грузией республика Южная Осетия
84%
Побережье Грузии расположено на этом море Чёрное море
73%
Крупный морской порт Грузии, второй по величине город Батуми
68%
Горный хребет, на котором находится Грузия Малый Кавказ
63%
Грузия по-грузински Сакартвело
49%
Название столицы до 1936 года Тифлис
43%
В Грузии (или Абхазии) находятся самые глубокие в мире... Пещеры
32%
Регион, столицей которого является город выше Аджария
29%
Крупнейшая река Грузии Кура
23%
Основное место конфликта между Абхазией и Грузией Кодорское ущелье
5%
No matching quizzes found
Score Distribution
Percent of People with Each Score
Percentile by Number Answered
Your Score History
You have not taken this quiz